000 00967nam a22002652a 4500
001 32917
003 BD-RjUL
005 20211209051921.0
008 140429t1957 nyu 001 0 eng d
035 _a(BD-RjUL)33007
040 _aDAY
_cDAY
_dEQO
_dBD-RjUL
_beng
041 1 _aengtib
082 0 4 _a294.3423
_bWET 1957
090 _aBQ1652.E5
_bZ55 1960
100 1 0 _aWentz. W.Y. Evans
_9100063
245 1 4 _aThe Tibetan book of the dead :
_bor, The after-death experiences on the Bardo plane /
_caccording to Lāma Kazi Dawa-Samdup's English rendering. [Compiled and edited] by W. Y. Evans-Wentz
250 _a3rd ed
260 _aNew York :
_bOxford University Press,
_c1957
300 _alxxxiv, 249 p. :
_bill. ;
_c21 cm
500 _aTranslation of Bar-do thos-grol
504 _aIncludes bibliographical reference and index.
650 1 7 _aIntermediate state
_v --Buddhism
_y--Early works to 1800.
_9100064
942 _2ddc
_cBK
999 _c32917
_d32917